Normal view
MARC view
- In The Line of Fire
Entry Topical Term
001 - CONTROL NUMBER
- control field: 113985
003 - CONTROL NUMBER IDENTIFIER
- control field: NUST
005 - DATE AND TIME OF LATEST TRANSACTION
- control field: 20230805101903.0
008 - FIXED-LENGTH DATA ELEMENTS
- fixed length control field: 230805|| aca||aabn | a|a d
040 ## - CATALOGING SOURCE
- Original cataloging agency: NUST
- Transcribing agency: NUST
150 ## - HEADING--TOPICAL TERM
- Topical term or geographic name entry element: In The Line of Fire
670 ## - SOURCE DATA FOUND
- Source citation: Work cat.: (NUST): Musharraf, Pervez 13067, In The Line of Fire, 2006.
